[Event "5th Chennai Open 2013"]
[Site "Chennai IND"]
[Date "2013.01.23"]
[Round "11"]
[White "Karthikeyan,M2"]
[Black "Vasantha Ruba,V"]
[Result "1-0"]
[WhiteElo "2352"]
[BlackElo "2045"]

1.e4 c5 2.Nf3 e6 3.d4 cxd4 4.Nxd4 Nc6 5.Nc3 Qc7 6.Be2 a6 7.O-O Nf6 8.Be3 Bb4
9.Na4 Bd6 10.g3 O-O 11.c4 Nxe4 12.Bf3 Nf6 13.c5 Be7 14.Re1 d6 15.cxd6 Bxd6
16.Rc1 Bd7 17.Nb6 Rad8 18.Nxd7 Qxd7 19.Nxc6 bxc6 20.Bxc6 Qe7 21.Qa4 Rb8 22.Re2 h6
23.Qxa6 Ng4 24.Ba7 Qg5 25.f4 Bxf4 26.gxf4 Qxf4 27.Rf1 Qd6 28.Bxb8 Rxb8 29.Qa7 f5
30.Qd7 Qc5+ 31.Kh1 Kh8 32.Qxe6  1-0

[Event "Kislovodsk Open 2013"]
[Site "Kislovodsk RUS"]
[Date "2013.01.23"]
[Round "9"]
[White "Khadaev,Shadid"]
[Black "Popov,Andrey2"]
[Result "0-1"]
[WhiteElo "1667"]
[BlackElo "2138"]

1.e4 c5 2.Nf3 e6 3.Nc3 Nc6 4.d4 cxd4 5.Nxd4 d6 6.Be3 Nf6 7.f3 Be7 8.Be2 O-O
9.O-O a6 10.f4 Qc7 11.Kh1 Rb8 12.e5 dxe5 13.Nxc6 bxc6 14.fxe5 Nd5 15.Bd4 c5
16.Nxd5 exd5 17.Bf2 Be6 18.a4 Rxb2 19.Bxa6 Qxe5 20.Bb5 Ra8 21.Bc6 Rc8 22.Bg3 Qc3
23.Bb5 Bf6 24.Bd3 c4 25.Bf5 Bxf5 26.Rxf5 Qxc2 27.Qxc2 Rxc2 28.Be5 Bxe5 29.Rxe5 d4
30.Rb1 f6 31.Re7 d3 32.h3 d2  0-1

[Event "11th Gibraltar Masters"]
[Site "Caleta ENG"]
[Date "2013.01.24"]
[Round "3.97"]
[White "Nafri,K"]
[Black "Whatley,Stephen A J"]
[Result "1-0"]
[WhiteElo "2091"]
[BlackElo "1717"]

1.e4 c5 2.Nf3 Nc6 3.d4 cxd4 4.Nxd4 e6 5.Nc3 Qc7 6.Be2 Nf6 7.O-O Bb4 8.Ndb5 Qb8
9.a3 Be7 10.Be3 O-O 11.f4 d6 12.g4 Nd7 13.g5 a6 14.Nd4 Nxd4 15.Bxd4 e5 16.Nd5 Bd8
17.Be3 exf4 18.Bxf4 Nc5 19.Bxd6 Qa7 20.Bxf8 Nb3+ 21.Rf2 Nxa1 22.Be7 Be6 23.Bxd8 Rxd8
24.Ne7+  1-0

[Event "Marianske Lazne Open 2013"]
[Site "Marianske Lazne CZE"]
[Date "2013.01.24"]
[Round "7.21"]
[White "Samarin,Leonid"]
[Black "Kulas,S"]
[Result "0-1"]
[WhiteElo "1787"]
[BlackElo "2042"]

1.e4 c5 2.Nf3 e6 3.d4 cxd4 4.Nxd4 Nc6 5.Nc3 Qc7 6.Be3 a6 7.Be2 Nf6 8.O-O Bb4
9.Nxc6 bxc6 10.Qd3 O-O 11.Bf3 e5 12.a3 Be7 13.Rfd1 d6 14.h3 Be6 15.Na4 Nd7
16.c4 f5 17.exf5 Bxf5 18.Be4 Bxe4 19.Qxe4 Kh8 20.b4 Nf6 21.Qd3 Nh5 22.Nc3 Nf4
23.Bxf4 Rxf4 24.Ne4 Rd8 25.Rac1 Qb7 26.Nc5 Qc8 27.Na4 h6 28.b5 axb5 29.cxb5 Rxa4
30.Rxc6 Qb7 31.Rdc1 Rd4 32.Qb3 Bg5 33.R1c3 Bd2 34.Rf3 Rb8 35.Rf7 Qxc6 36.Rf8+ Rxf8
37.bxc6 Rdf4 38.f3 e4 39.c7 exf3 40.g3 f2+ 41.Kf1 Re4 42.Qf3 Re1+ 43.Kg2 f1=Q+
44.Qxf1 Rexf1  0-1

[Event "Marianske Lazne GM 2013"]
[Site "Marianske Lazne CZE"]
[Date "2013.01.24"]
[Round "7.1"]
[White "Kargin,A"]
[Black "Bejtovic,J"]
[Result "1-0"]
[WhiteElo "2417"]
[BlackElo "2387"]

1.e4 c5 2.Nf3 e6 3.d4 cxd4 4.Nxd4 Nc6 5.Nc3 Qc7 6.Be3 a6 7.Qd2 Nf6 8.O-O-O Bb4
9.f3 O-O 10.g4 b5 11.g5 Ne8 12.a3 Be7 13.h4 b4 14.axb4 Bxb4 15.Nxc6 Qxc6
16.h5 Bxc3 17.Qxc3 Qxc3 18.bxc3 f5 19.Bc5 d6 20.Bxd6 Nxd6 21.Rxd6 fxe4 22.fxe4 Ra7
23.Bd3 Rc7 24.Kd2 Rc5 25.Rg1 a5 26.c4 Kf7 27.Rf1+ Ke7 28.Rxf8 Kxf8 29.Rd8+ Ke7
30.Rh8 Ba6 31.Rxh7 Rxg5 32.h6 Kf6 33.Rxg7 Rxg7 34.e5+ Kf7 35.hxg7 Kxg7 36.c5 Bc8
37.Be4 Kf7 38.Kc3 Ba6 39.Kb3 Bb5 40.c4 Be8 41.c6 a4+ 42.Kb4  1-0

[Event "18th HIT Open A 2013"]
[Site "Nova Gorica SLO"]
[Date "2013.01.25"]
[Round "1.17"]
[White "Matijevic,Filip"]
[Black "Gratton,D"]
[Result "1-0"]
[WhiteElo "2147"]
[BlackElo "1733"]

1.e4 c5 2.Nf3 Nc6 3.d4 cxd4 4.Nxd4 e6 5.Nc3 Bb4 6.Nb5 d6 7.a3 Bxc3+ 8.bxc3 d5
9.exd5 a6 10.dxc6 Qxd1+ 11.Kxd1 axb5 12.Bxb5 Kd8 13.c7+ Ke7 14.a4 Bd7 15.Ba3+ Ke8
16.Ke2 Nf6 17.Rhd1 Bxb5+ 18.axb5 Nd5 19.c4 Nc3+ 20.Kf1 Nxd1 21.Rxd1 f5 22.b6 Kf7
23.c5 Rxa3 24.Rd8 Ra8 25.Rxh8 Rxh8 26.c6  1-0

[Event "ITT ABC COLOR 2013"]
[Site "Asuncion PAR"]
[Date "2013.01.26"]
[Round "2.1"]
[White "Jimenez,Joa"]
[Black "Franco Ocampos,Z"]
[Result "0-1"]
[WhiteElo "2202"]
[BlackElo "2498"]

1.e4 c5 2.Nf3 Nc6 3.d4 cxd4 4.Nxd4 e6 5.Nc3 Qc7 6.Be2 a6 7.O-O b5 8.Nxc6 dxc6
9.e5 Qxe5 10.Re1 Qc7 11.Bf3 Bb7 12.Bh5 Be7 13.Rxe6 g6 14.Qd4 fxe6 15.Qxh8 O-O-O
16.Bf3 Bf6  0-1

[Event "11th Gibraltar Masters"]
[Site "Caleta ENG"]
[Date "2013.01.26"]
[Round "5.42"]
[White "Roser,K"]
[Black "Scharrer,P"]
[Result "1-0"]
[WhiteElo "2409"]
[BlackElo "2248"]

1.e4 c5 2.Nf3 e6 3.d4 cxd4 4.Nxd4 Nc6 5.Nc3 Qc7 6.f4 a6 7.Nxc6 bxc6 8.Bd3 d5
9.O-O Nf6 10.Qe2 Be7 11.Kh1 Bb7 12.b3 dxe4 13.Nxe4 Nxe4 14.Bxe4 Bf6 15.Rb1 O-O
16.Be3 Rfd8 17.Qf2 Qd6 18.Qf3 g6 19.Bb6 Rdc8 20.b4 Bg7 21.Rfd1 Qe7 22.Qd3 Rab8
23.a4 Qf6 24.Qf3 Ba8 25.Ba7 Rb7 26.Bd4 e5 27.Bxe5 Qe6 28.Bxg7 Kxg7 29.f5 Qf6
30.b5 axb5 31.axb5 Rb6 32.c4 gxf5 33.c5 Rbb8 34.Bxf5 cxb5 35.Qg4+  1-0

[Event "15th Nord-West Cup"]
[Site "Bad Zwischenahn GER"]
[Date "2013.01.27"]
[Round "6.1"]
[White "Schneider,Il"]
[Black "Abel,D"]
[Result "1/2-1/2"]
[WhiteElo "2492"]
[BlackElo "2437"]

1.e4 c5 2.Nc3 Nc6 3.Nge2 e6 4.d4 cxd4 5.Nxd4 Nf6 6.Ndb5 d6 7.Bf4 e5 8.Bg5 a6
9.Na3 b5 10.Nd5 Qa5+ 11.Bd2 Qd8 12.Bg5 Qa5+  1/2-1/2

[Event "TCh-HUN 2012-13"]
[Site "Budapest HUN"]
[Date "2013.01.27"]
[Round "6"]
[White "Gara,A"]
[Black "Bednay,B"]
[Result "0-1"]
[WhiteElo "2311"]
[BlackElo "2186"]

1.e4 c5 2.Nf3 e6 3.d4 cxd4 4.Nxd4 Nc6 5.Nc3 Qc7 6.Be2 a6 7.Be3 Nf6 8.a3 Be7
9.f4 d6 10.g4 O-O 11.g5 Ne8 12.Qd2 b5 13.Nxc6 Qxc6 14.Rf1 Rb8 15.f5 a5 16.f6 Bd8
17.fxg7 Nxg7 18.Bd3 b4 19.axb4 axb4 20.Ne2 e5 21.Ng3 Bb6 22.Rf6 Be6 23.Ra6 Bxe3
24.Rxc6 Bxd2+ 25.Kxd2 Rfd8 26.Ke3 b3 27.c4 Rdc8 28.Rxc8+ Rxc8 29.Nf5 Nxf5+
30.exf5 Bxc4 31.Rxd6 Bxd3 32.Rxd3 Rc2 33.Rxb3 Rxh2 34.Ke4 Re2+ 35.Kd5 Kg7
36.Rb7 e4 37.b4 e3 38.Re7 Re1 39.Kc4 e2 40.Kb5 h5 41.g6 Kg8 42.Re8+ Kg7 43.Re7 Kh6
44.Rxf7 Rg1 45.Rh7+ Kg5 46.g7 Kf4 47.g8=Q Rxg8 48.Re7 Kf3 49.Kc6 Kf2  0-1

[Event "11th Gibraltar Masters"]
[Site "Caleta ENG"]
[Date "2013.01.27"]
[Round "6.9"]
[White "Jakubiec,A"]
[Black "Short,N"]
[Result "0-1"]
[WhiteElo "2518"]
[BlackElo "2690"]

1.e4 c5 2.Nf3 Nc6 3.Nc3 e6 4.d4 cxd4 5.Nxd4 Qc7 6.Be3 Nf6 7.f3 a6 8.Qd2 Bb4
9.O-O-O Ne5 10.Nb3 b5 11.Qe1 Be7 12.Kb1 d6 13.Bd4 O-O 14.f4 Nc6 15.Bf2 Bb7
16.Bd3 Rac8 17.Qe2 Nb4 18.a3 Nxd3 19.cxd3 e5 20.Rc1 Qd7 21.g3 Rfe8 22.Rhd1 Ba8
23.fxe5 dxe5 24.Na2 Qe6 25.Nc5 Bxc5 26.Rxc5 Rxc5 27.Bxc5 h6 28.Rc1 Rd8 29.Rc3 a5
30.Nc1 Nd7 31.Qf2 Bb7 32.Be3 b4 33.Rc7 Ba6 34.axb4 axb4 35.Qc2 Nb8 36.Rc5 Kh7
37.Ra5 f6 38.Rc5 Rd6 39.Rc7 Rc6 40.Rxc6 Nxc6 41.Qc5 Kg6 42.Qb6 Bc8 43.Bc5 Bd7
44.Bxb4 Qh3 45.Bc3 Qxh2 46.Qb7 Qh3 47.b4 Nd8 48.Qb8 Ne6 49.Qb7 Ng5 50.b5 Bxb5
51.Qxb5 Qxg3 52.Qe8+ Nf7 53.Qd7 Qf3 54.Kc2 h5 55.Be1 Ng5 56.Qa7 Qg4 57.Qf2 Nf3
58.Nb3 h4 59.Nd2 Nd4+ 60.Kb2 h3 61.Nf1 Qd1 62.Nh2 Qb3+ 63.Kc1 Qxd3  0-1

[Event "TCh-CZE Div1 Vychod 2012-13"]
[Site "Czech Republic CZE"]
[Date "2013.01.27"]
[Round "6.2"]
[White "Kanovsky,D"]
[Black "Stachowiak,K"]
[Result "0-1"]
[WhiteElo "2415"]
[BlackElo "2432"]

1.e4 c5 2.Nf3 e6 3.d4 cxd4 4.Nxd4 Nc6 5.Nc3 Qc7 6.Be3 a6 7.Qd2 Nf6 8.O-O-O Be7
9.f3 O-O 10.g4 b5 11.g5 Nh5 12.Nce2 Rd8 13.Kb1 e5 14.Nf5 d5 15.Nxe7+ Nxe7
16.Ng3 Nf4 17.Bxf4 exf4 18.Nh5 Bg4 19.fxg4 dxe4 20.Qe1 Rxd1+ 21.Qxd1 Rd8
22.Qc1 f3 23.c4 Qe5 24.Qe3 Rd4 25.cxb5 Rd1+ 26.Kc2 Nd5 27.Qc5 Rd2+ 28.Kxd2 Qxb2+
29.Ke1 f2+ 30.Kd1 Nc3+ 31.Qxc3 Qxc3 32.Ng3 Qb2 33.Nf5 g6 34.Ne3 Qb1+ 35.Kd2 Qe1+
36.Kc2 Qxe3 37.bxa6 Qf3 38.a7 e3  0-1

[Event "TCh-DEN XtraCon 2012-13"]
[Site "Denmark DEN"]
[Date "2013.01.27"]
[Round "6.8"]
[White "Hoiberg,N"]
[Black "Ejsing,E"]
[Result "1-0"]
[WhiteElo "2196"]
[BlackElo "2159"]

1.e4 e6 2.Nf3 c5 3.d4 cxd4 4.Nxd4 Nc6 5.Nc3 Qc7 6.Ndb5 Qb8 7.a4 a6 8.Na3 Qc7
9.Be3 Nf6 10.Nc4 Bb4 11.Bd3 d5 12.Nb6 Rb8 13.exd5 Nxd5 14.Nxd5 exd5 15.O-O Be6
16.Ne2 Bd6 17.h3 O-O 18.Nd4 Nxd4 19.Bxd4 Bc5 20.Qh5 g6 21.Qh4 Rbc8 22.Rfe1 Bxd4
23.Qxd4 Qc5 24.Qxc5 Rxc5 25.a5 Rd8 26.Re5 Kg7 27.Ra4 Kf6 28.f4 h6 29.Kf2 g5
30.Re3 d4 31.fxg5+ hxg5 32.Rf3+ Ke7 33.Ra3 Bc4 34.b4 Rc7 35.Ke2 Rdc8 36.Rf5 f6
37.Kf3 Be6 38.Rc5 Rxc5 39.bxc5 Bd5+ 40.Be4 Rxc5 41.Bxd5 Rxd5 42.Ke4 Ke6 43.g4 Rc5
44.Rb3 Rxc2 45.Rxb7 Ra2 46.Rb6+ Ke7 47.Rxa6 d3 48.Kxd3 Ra3+ 49.Ke4 Rxh3 50.Kf5 Rf3+
51.Kg6 Rf4 52.Ra8 Kd7 53.a6 Kc7 54.Rf8 Ra4 55.a7  1-0

[Event "11th Gibraltar Masters"]
[Site "Caleta ENG"]
[Date "2013.01.28"]
[Round "7.36"]
[White "Kuipers,S"]
[Black "De Haan,E"]
[Result "1/2-1/2"]
[WhiteElo "2431"]
[BlackElo "2303"]

1.e4 c5 2.Nf3 e6 3.d4 cxd4 4.Nxd4 Nc6 5.Nc3 Qc7 6.f4 a6 7.Nxc6 Qxc6 8.Bd3 b5
9.Qe2 Bb7 10.Bd2 Bc5 11.O-O-O Ne7 12.a3 O-O-O 13.Kb1 f6 14.Rhe1 Kb8 15.Na2 Rc8
16.a4 bxa4 17.Nb4 Qb6 18.Nxa6+ Bxa6 19.Bxa6 Rc7 20.Qb5 Ra7 21.Qxb6+ Bxb6
22.Bb5 Nc6 23.Bc3 Rc8 24.Rd3 Ba5 25.Red1 Bxc3 26.Rxc3 e5 27.fxe5 Nxe5 28.Rxc8+ Kxc8
29.Rd4 a3 30.b3 Ng4 31.h3 Ne3 32.Rd2 f5 33.exf5 d5 34.Ka2 Kc7 35.Ba4 Kb6
36.Kxa3 Kc5 37.c3 Nxf5 38.Kb2 Ne3 39.b4+ Kd6 40.Bb3 Ke5 41.Re2 Kf4 42.Rf2+ Ke5
43.Re2 Kf4 44.Rf2+ Ke5 45.g3 g5 46.Rf8 Re7 47.b5 Kd6 48.Rc8 Rb7 49.Ba4 Rc7
50.Rg8 Kc5 51.Rxg5 Nc4+ 52.Kc2 Rf7 53.Bb3 Rf2+ 54.Kc1 Rf1+ 55.Kc2 Rf2+ 56.Kc1 Rf1+
57.Kc2  1/2-1/2

[Event "11th Gibraltar Masters"]
[Site "Caleta ENG"]
[Date "2013.01.28"]
[Round "7.58"]
[White "Marttala,T"]
[Black "Bellon Lopez,JuM"]
[Result "0-1"]
[WhiteElo "2217"]
[BlackElo "2404"]

1.e4 c5 2.Nc3 e6 3.Nf3 Nc6 4.d4 cxd4 5.Nxd4 Qc7 6.Be2 Nf6 7.Be3 a6 8.O-O b5
9.Nxc6 dxc6 10.a3 e5 11.f4 Bd6 12.f5 Bb7 13.Bf3 c5 14.Kh1 b4 15.axb4 cxb4
16.Na4 O-O 17.Qd3 Be7 18.Bb6 Qc6 19.Rfe1 Rac8 20.Re2 Nd7 21.Qe3 Qb5 22.Ba7 Rfd8
23.Rd2 h6 24.Qb3 Nf6 25.Rxd8+ Rxd8 26.Qe3 Rc8 27.Be2 Qc6 28.Nb6 Rd8 29.Nc4 Qxe4
30.Qxe4 Bxe4 31.Nxe5 Rd2 32.Bf3 Rxc2 33.Re1 Bxf3 34.Nxf3 Bc5 35.Nd4 Bxd4
36.Bxd4 Rd2 37.Be5 Ng4 38.h3 Nxe5 39.Rxe5 Rxb2 40.Ra5 h5 41.Rxa6 h4 42.Kg1 f6  0-1

[Event "6th Gora Sw Anny OpA"]
[Site "Gora Swietej Anny POL"]
[Date "2013.01.28"]
[Round "4.11"]
[White "Klymchuk,Andriy"]
[Black "Kuciel,W"]
[Result "1-0"]
[WhiteElo "2127"]
[BlackElo "2036"]

1.e4 c5 2.Nf3 Nc6 3.d4 cxd4 4.Nxd4 e6 5.Nc3 a6 6.Nxc6 bxc6 7.Bd3 d6 8.O-O Nf6
9.f4 e5 10.Kh1 Be7 11.fxe5 dxe5 12.Qf3 O-O 13.b3 Be6 14.Be3 Qc7 15.Na4 c5
16.Nb2 Qc6 17.Bg5 h6 18.Bxf6 Bxf6 19.Bc4 Rad8 20.Rad1 Rd4 21.Bxe6 fxe6 22.Rxd4 exd4
23.Qg4 Rd8 24.Nc4 d3 25.cxd3 Rxd3 26.h4 Kh7 27.h5 Qe8 28.e5 Rd4 29.Qg6+ Qxg6
30.hxg6+  1-0

[Event "11th Gibraltar Masters"]
[Site "Caleta ENG"]
[Date "2013.01.29"]
[Round "8.42"]
[White "Gaehwiler,G"]
[Black "Zhou,Y"]
[Result "1/2-1/2"]
[WhiteElo "2269"]
[BlackElo "2439"]

1.e4 c5 2.Nf3 e6 3.d4 cxd4 4.Nxd4 Nc6 5.Nc3 Qc7 6.g3 a6 7.Bg2 Nge7 8.Nde2 Ng6
9.O-O h5 10.Re1 h4 11.Nd5 exd5 12.exd5 Nce5 13.Nf4 hxg3 14.hxg3 d6 15.Nxg6 fxg6
16.f4 Bf5 17.fxe5 dxe5 18.Be3 O-O-O 19.Qd2 e4 20.Bf2 Kb8 21.c4 Bc5 22.Qf4 Bxf2+
23.Kxf2 Qxf4+ 24.gxf4 Rh4 25.Ke3 Rg4 26.Re2 Rg3+ 27.Kf2 Rg4 28.Ke3 Rg3+ 29.Kf2 Rg4
30.Ke3 Rg3+  1/2-1/2

[Event "11th Gibraltar Masters"]
[Site "Caleta ENG"]
[Date "2013.01.30"]
[Round "9.3"]
[White "Yu Yangyi"]
[Black "Navara,D"]
[Result "0-1"]
[WhiteElo "2688"]
[BlackElo "2710"]

1.e4 c5 2.Nf3 e6 3.d4 cxd4 4.Nxd4 Nc6 5.Nc3 a6 6.Be2 d6 7.Be3 Bd7 8.a4 Nf6
9.O-O Be7 10.Nb3 Na5 11.Nxa5 Qxa5 12.Qd4 O-O 13.Rfd1 Rfc8 14.f3 Bc6 15.Qd2 Kh8
16.Bf1 Be8 17.Kh1 Rc6 18.Ne2 Qxd2 19.Rxd2 d5 20.Nd4 Rcc8 21.e5 Nd7 22.f4 Nc5
23.a5 Ne4 24.Rdd1 Bb5 25.Nxb5 axb5 26.Bd3 Bc5 27.Bxc5 Nxc5 28.Bxb5 Ne4 29.Rdc1 Rc5
30.Bd3 Rcxa5 31.Rxa5 Rxa5 32.Kg1 h6 33.Bxe4 dxe4 34.Kf2 Ra2 35.Rb1 f5 36.Ke3 g5
37.g3 Kg7 38.c4 Kg6 39.h3 b6 40.g4 Ra4 41.gxf5+ exf5 42.fxg5 hxg5 43.h4 gxh4
44.Kf4 Rxc4 45.Rg1+ Kf7 46.Kxf5 e3 47.e6+ Ke7 48.Re1 h3 49.Rxe3 Rh4 50.Re1 h2
51.Rh1 b5 52.Ke5 Rh5+ 53.Kd4 Kxe6 54.Kc3 Rh4 55.Kb3 Kd5 56.Ka3 Kc4 57.Rc1+ Kd3
58.Rh1 Ke2  0-1

[Event "11th Gibraltar Masters"]
[Site "Caleta ENG"]
[Date "2013.01.30"]
[Round "9.65"]
[White "Nafri,K"]
[Black "Scharrer,P"]
[Result "1-0"]
[WhiteElo "2091"]
[BlackElo "2248"]

1.e4 c5 2.Nf3 e6 3.d4 cxd4 4.Nxd4 Nc6 5.Nc3 Qc7 6.Be3 a6 7.Be2 Nf6 8.a3 b5
9.Nxc6 dxc6 10.f4 b4 11.axb4 Bxb4 12.Bf3 Bb7 13.O-O c5 14.Na4 c4 15.c3 Be7
16.Nb6 Bc5 17.Bxc5 Qxc5+ 18.Qd4 Qxd4+ 19.cxd4 Rd8 20.e5 Bxf3 21.Rxf3 Ne4
22.Rd1 Rb8 23.Nxc4 Rb4 24.b3 O-O 25.Re3 f5 26.exf6 Nxf6 27.Rxe6 Nd5 28.g3 Rxb3
29.Rxa6 Rc3 30.Ne5 Rc2 31.Rd6 Nc3 32.Rc6 g5 33.Rd3 Ra8 34.Rf3 Raa2 35.Rcxc3 Ra1+
36.Rf1 Rxf1+ 37.Kxf1 Rxc3 38.fxg5 Rc2 39.h4 Kg7 40.Nd3 Kg6 41.g4 Rh2 42.Nf4+ Kf7
43.Ng2 Ke6 44.Kg1 Rxh4 45.Nxh4  1-0

[Event "6th Gora Sw Anny OpA"]
[Site "Gora Swietej Anny POL"]
[Date "2013.01.30"]
[Round "6.10"]
[White "Nasuta,G"]
[Black "Kuciel,W"]
[Result "1-0"]
[WhiteElo "2270"]
[BlackElo "2036"]

1.e4 c5 2.Nf3 Nc6 3.d4 cxd4 4.Nxd4 e6 5.Nc3 a6 6.Be3 Qc7 7.Qd2 Nf6 8.O-O-O Bb4
9.f3 Ne7 10.Nde2 d5 11.e5 Nd7 12.f4 Nf5 13.Bg1 Nc5 14.g4 Ne4 15.Qd3 Nxc3
16.Nxc3 Ne7 17.Ne2 h5 18.Qf3 hxg4 19.Qxg4 Bd7 20.Qxg7 Rg8 21.Qh7 d4 22.Bxd4 O-O-O
23.Rg1 Rh8 24.Qd3 Nf5 25.Qb3 Nxd4 26.Nxd4 Bc5 27.Rg3 Rxh2 28.Rc3 Be8 29.Qc4 Rd5
30.Nxe6 Rxd1+ 31.Kxd1 Qd7+ 32.Rd3 Qxe6 33.Qxc5+ Qc6 34.Bh3+ Kc7 35.Qd6+ Kb6
36.Qd4+ Qc5 37.Qd6+ Qc6 38.Qd4+ Qc5 39.Qxc5+ Kxc5 40.Bd7 Bxd7 41.Rxd7 Kc4
42.Kc1 b5 43.b3+ Kc3 44.Rc7+ Kb4 45.Kb2 Rf2 46.Rxf7 Ka5 47.e6  1-0

[Event "18th HIT Open A 2013"]
[Site "Nova Gorica SLO"]
[Date "2013.01.30"]
[Round "8.11"]
[White "Bratkovic,Jakob"]
[Black "Kosmac,B"]
[Result "1/2-1/2"]
[WhiteElo "1941"]
[BlackElo "2204"]

1.e4 c5 2.Nf3 e6 3.d4 cxd4 4.Nxd4 Nc6 5.Nc3 Qc7 6.Be3 a6 7.Be2 Nf6 8.O-O Bb4
9.Na4 Be7 10.Nxc6 bxc6 11.Nb6 Rb8 12.Nxc8 Qxc8 13.Bd4 c5 14.Bc3 O-O 15.Qd3 Rb6
16.Rad1 Qb8 17.b3 Qf4 18.Qf3 Qxe4 19.Bxf6 Qxf3 20.Bxf3 Bxf6 21.Rxd7 Rd8 22.Rfd1 Rxd7
23.Rxd7 g6 24.Kf1 Kg7 25.Be2 a5 26.Bc4 Be5 27.g3 Kf6 28.Ke2 g5 29.h3 h5 30.g4 h4
31.Kd3 Kg6 32.Ke4 Bd4 33.f4 f5+ 34.gxf5+ exf5+ 35.Kf3 gxf4 36.Kxf4 Rf6 37.Bd3  1/2-1/2

[Event "116th YMCA Winter"]
[Site "Warsaw POL"]
[Date "2013.01.30"]
[Round "4"]
[White "Delega,T"]
[Black "Liberadzki,S"]
[Result "1-0"]
[WhiteElo "2129"]
[BlackElo "2104"]

1.e4 c5 2.Nf3 e6 3.d4 cxd4 4.Nxd4 Nc6 5.Nc3 Qc7 6.Be3 a6 7.Bd3 Nf6 8.O-O Nxd4
9.Bxd4 Bc5 10.Bxc5 Qxc5 11.Qe1 d6 12.Kh1 e5 13.f4 Be6 14.b4 Qxb4 15.Rb1 Qd4
16.Rxb7 exf4 17.Bb5+ Bd7 18.Bxd7+ Nxd7 19.Nd5 Nc5 20.Re7+ Kf8 21.Rxf4 f6
22.c3 Qc4 23.Qe3 Rb8 24.Rxf6+ Kg8 25.Rxg7+  1-0

[Event "11th Gibraltar Masters"]
[Site "Caleta ENG"]
[Date "2013.01.31"]
[Round "10.101"]
[White "Kandic,Mila"]
[Black "Whatley,Stephen A J"]
[Result "1-0"]
[WhiteElo "2090"]
[BlackElo "1717"]

1.e4 c5 2.Nf3 Nc6 3.d4 cxd4 4.Nxd4 e6 5.Nc3 Qc7 6.Be2 Nf6 7.Be3 Bb4 8.Nb5 Qb8
9.a3 Be7 10.f4 d6 11.O-O O-O 12.Qe1 a6 13.Nd4 Bd7 14.Qg3 Re8 15.f5 Nxd4 16.Bxd4 e5
17.Be3 Bc6 18.Bh6 Bf8 19.Qg5 Qd8 20.Qg3 Bxe4 21.Nxe4 Nxe4 22.Qg4 Qb6+ 23.Kh1 Nf2+
24.Rxf2 Qxf2 25.c3 Kh8 26.Rf1 Qb6 27.Bc1 Be7 28.Rf3 d5 29.Qh5 Rf8 30.f6 Bxf6
31.Rh3 h6 32.Bxh6 Rfc8 33.Bg5+  1-0

[Event "11th Gibraltar Masters"]
[Site "Caleta ENG"]
[Date "2013.01.31"]
[Round "10.18"]
[White "Muzychuk,A"]
[Black "Akesson,R"]
[Result "1-0"]
[WhiteElo "2582"]
[BlackElo "2441"]

1.e4 c5 2.Nf3 e6 3.d4 cxd4 4.Nxd4 Nc6 5.Nc3 Qc7 6.Be3 a6 7.Qd2 Nf6 8.O-O-O Be7
9.f3 h5 10.Nxc6 bxc6 11.Bf4 e5 12.Bg5 a5 13.Bc4 a4 14.a3 Qa5 15.Kb1 Rb8 16.Ka1 Bc5
17.f4 Bd4 18.fxe5 Bxe5 19.Bf4 O-O 20.Rhf1 Bxc3 21.Qxc3 Qxc3 22.bxc3 Ra8 23.Bd6 Rd8
24.e5 Nd5 25.Rxd5 cxd5 26.Bxd5 Ba6 27.Rf5 Kh7 28.Bxa8 Rxa8 29.Rxf7 Bb5 30.c4 Bc6
31.g3 Re8 32.Kb2 Re6 33.Kc3 Rg6 34.Kb4 Rg4 35.Kc5 Re4 36.Re7  1-0

[Event "6th Gora Sw Anny OpA"]
[Site "Gora Swietej Anny POL"]
[Date "2013.01.31"]
[Round "7.4"]
[White "Poswiatowski,M"]
[Black "Hnydiuk,A"]
[Result "0-1"]
[WhiteElo "2029"]
[BlackElo "2416"]

1.e4 c5 2.Nf3 e6 3.d4 cxd4 4.Nxd4 Nc6 5.Nc3 a6 6.Be3 Nf6 7.Qd2 Bb4 8.f3 d5
9.a3 Qa5 10.exd5 Nxd5 11.Nb3 Bxc3 12.Nxa5 Bxd2+ 13.Bxd2 Nxa5 14.Bxa5 Ne3
15.Kd2 Nxf1+ 16.Rhxf1 Bd7 17.c4 Rc8 18.Rac1 Rc5 19.Bb4 Rh5 20.h3 a5 21.Bd6 a4
22.Ke3 f6 23.Rh1 Kf7 24.g4 Ra5 25.Rhd1 Bc6 26.Bc7 Ra6 27.Rd8 Rxd8 28.Bxd8 Ke8
29.Bc7 Kd7 30.Bg3 Rb6 31.Rc3 Rxb2 32.h4 e5 33.Be1 Ke6 34.Rd3 Rc2 35.Rc3 Rh2
36.Bf2 Rh1 37.Ke2 Rb1 38.Be1 Ra1 39.Rd3 Rc1 40.Rc3 Rb1 41.Rd3 Rb2+ 42.Ke3 Kf7
43.Bd2 Rc2 44.Rc3 Ra2 45.Be1 Rg2 46.Bf2 e4 47.fxe4 Rxg4 48.Kf3 Rxe4 49.Kg3 h5
50.c5 g5 51.hxg5 fxg5 52.Rf3+ Kg6 53.Rf8 h4+ 54.Kh3 Kg7 55.Rd8 Re2 56.Bd4+ Kf7
57.Rd6 Re4 58.Rf6+ Ke7 59.Rd6 Bd7+ 60.Kg2 Re6 61.Rb6 Rxb6 62.cxb6 Ke6 63.Bc5 g4
64.Bf8 Kf6 65.Kf2 Bc6 66.Bd6 g3+ 67.Ke3 Kf5 68.Ke2 Kg4 69.Bc5 h3  0-1

[Event "TCh-SWE Elite 2012-13"]
[Site "Sweden SWE"]
[Date "2013.02.01"]
[Round "1"]
[White "Kenneskog,Theodor"]
[Black "Westerberg,J"]
[Result "1-0"]
[WhiteElo "2203"]
[BlackElo "2314"]

1.e4 c5 2.Nf3 e6 3.d4 cxd4 4.Nxd4 Nc6 5.Nc3 Qc7 6.Be3 a6 7.Qd2 Nf6 8.O-O-O Bb4
9.f3 Ne5 10.Nb3 b5 11.Qe1 Nc4 12.Bd4 Bd6 13.Kb1 e5 14.Nd5 Nxd5 15.exd5 O-O
16.Bc3 a5 17.Bxc4 bxc4 18.Nd2 Re8 19.Ne4 f5 20.Bxa5 Qb8 21.Nxd6 Qxd6 22.Bb4 Qa6
23.a3 d6 24.f4 Bd7 25.fxe5 dxe5 26.Qc3 f4 27.Rhe1 e4 28.d6 Qc6 29.Qd4 Bf5
30.Bc3 Qd7 31.Qxc4+ Kh8 32.Qc7 Ra7 33.Qxd7 Rxd7 34.Rf1 f3 35.Rde1 Rxd6 36.gxf3 e3
37.Re2 Be6 38.b3 Bd5 39.Rfe1 Rde6 40.Bd4 Bxf3 41.Rxe3 Be4 42.Kb2 Kg8 43.c4 g5
44.b4 h5 45.b5 g4 46.c5 Kf7 47.Kc3 h4 48.Kb4 g3 49.hxg3 h3 50.R3e2 Rh6 51.Bg1 Rhe6
52.c6  1-0

[Event "TCh-CAT Div Hon 2013"]
[Site "Catalonia ESP"]
[Date "2013.02.02"]
[Round "3.1"]
[White "Vallejo Pons,F"]
[Black "Spraggett,K"]
[Result "1/2-1/2"]
[WhiteElo "2694"]
[BlackElo "2577"]

1.e4 c5 2.Nf3 e6 3.d4 cxd4 4.Nxd4 Nc6 5.Nc3 Qc7 6.Be3 Nf6 7.Qf3 a6 8.O-O-O d6
9.Be2 Be7 10.Qg3 O-O 11.f4 Kh8 12.Rhf1 Bd7 13.e5 dxe5 14.fxe5 Qxe5 15.Bf4 Qc5
16.Nb3 Qa7 17.Be3 b6 18.Qf2 Rab8 19.g4 Be8 20.g5 Nd7 21.h4 f5 22.Kb1 f4 23.Bc1 e5
24.h5 Nc5 25.h6 Bg6 26.hxg7+ Kxg7 27.Bf3 Nb4 28.Na1 Bxg5 29.Rg1 h6 30.a3 a5
31.Qe1 Rfe8 32.Nb5 Qe7 33.axb4 axb4 34.Qxb4 e4 35.Be2 Ra8 36.Rd6 Qe5 37.Bd2 Ra4
38.Qc3 Qxc3 39.Nxc3 e3 40.Nxa4 exd2 41.Nc3  1/2-1/2

[Event "Bundesliga 2012-13"]
[Site "Essen GER"]
[Date "2013.02.02"]
[Round "7"]
[White "Scholz,C"]
[Black "Nagel,B"]
[Result "1/2-1/2"]
[WhiteElo "2389"]
[BlackElo "2218"]

1.e4 c5 2.Nf3 Nc6 3.d4 cxd4 4.Nxd4 e6 5.Nc3 Qc7 6.Be3 a6 7.g3 d6 8.Bg2 Bd7
9.O-O Be7 10.h3 h5 11.Qe2 Ne5 12.Rad1 Rc8 13.Bc1 b5 14.f4 b4 15.fxe5 dxe5
16.Qf3 Nf6 17.Nde2 bxc3 18.Nxc3 Bc6 19.Kh1 Qb7 20.a3 a5 21.b3 Rc7 22.Rd3 Bc5
23.Bg5 Be7 24.Bxf6 Bxf6 25.h4 Rd7 26.b4 axb4 27.axb4 Rxd3 28.Qxd3 Qxb4 29.Rb1 Qd4
30.Rb8+ Bd8 31.Qxd4 exd4 32.Nb5 Bxb5 33.Rxb5 Bc7 34.e5 O-O 35.Be4 g6 36.Kg2 Rb8
37.Rc5 Bb6 38.Rc4 Rd8 39.Kf3 Ba5 40.g4 Be1 41.gxh5 gxh5 42.Kf4 Bxh4 43.Bf3 Bf2
44.Bxh5 Rd7 45.Bf3 d3 46.cxd3 Rd4+ 47.Rxd4  1/2-1/2

[Event "Moscow Open F 2013"]
[Site "Moscow RUS"]
[Date "2013.02.03"]
[Round "1.2"]
[White "Firat,B"]
[Black "Krejci,Jan2"]
[Result "1-0"]
[WhiteElo "2406"]
[BlackElo "2529"]

1.e4 c5 2.Nf3 e6 3.d4 cxd4 4.Nxd4 Nc6 5.Nc3 Qc7 6.g3 a6 7.Bg2 h5 8.O-O h4
9.Re1 hxg3 10.hxg3 d6 11.Nce2 Nf6 12.c4 Ne5 13.b3 Be7 14.Bb2 Bd7 15.Rc1 Qc5
16.Qd2 Neg4 17.Nf4 Rd8 18.Red1 e5 19.Nd3 Qa7 20.Nf5 Bf8 21.c5 Bb5 22.Nxe5 Rh5
23.Nxg4 Nxg4 24.Bf3  1-0

[Event "Moscow Open F 2013"]
[Site "Moscow RUS"]
[Date "2013.02.03"]
[Round "2.5"]
[White "Eliseev,U"]
[Black "Firat,B"]
[Result "1-0"]
[WhiteElo "2525"]
[BlackElo "2406"]

1.e4 c5 2.Nf3 e6 3.d4 cxd4 4.Nxd4 Nc6 5.Nc3 d6 6.Be3 Nf6 7.f3 Be7 8.g4 O-O
9.g5 Nd7 10.h4 a6 11.f4 Re8 12.Qf3 Nxd4 13.Bxd4 b5 14.O-O-O b4 15.Ne2 Qc7
16.h5 e5 17.Be3 exf4 18.Qxf4 Nc5 19.g6 fxg6 20.hxg6 hxg6 21.Qh2 Nxe4 22.Nf4 Nf6
23.Bd3 Bf5 24.Bxf5 gxf5 25.Ne6 Qc4 26.Rdg1 Kf7 27.Ng5+ Kf8 28.Bd4 Rac8 29.Qg2 Nh5
30.Bxg7+ Kxg7 31.Ne4+ Kf8 32.Rxh5 Bg5+ 33.Nxg5 Re2 34.Rh8+ Kg7 35.Qb7+  1-0

[Event "Asian Zonal 3.2 2013"]
[Site "Thulhiriya City PHI"]
[Date "2013.02.05"]
[Round "4.1"]
[White "Hossain,Enam"]
[Black "Murshed,N"]
[Result "1/2-1/2"]
[WhiteElo "2493"]
[BlackElo "2488"]

1.e4 c5 2.Nf3 e6 3.d4 cxd4 4.Nxd4 Nc6 5.Nc3 Qc7 6.Be2 a6 7.O-O Nf6 8.Kh1 Bb4
9.Nxc6 bxc6 10.f4 d5 11.e5 Bxc3 12.bxc3 Ne4 13.Bd3 c5 14.c4 O-O 15.cxd5 exd5
16.c4 Bb7 17.Qc2 f5 18.exf6 Nxf6 19.cxd5 Bxd5 20.Bb2 Kh8 21.Rae1 c4 22.Bf5 Qc6
23.Be5 Rae8 24.Rf2 Re7 25.Rd2 Rfe8 26.h3 Nh5 27.Red1 Ng3+ 28.Kh2 Nxf5 29.Qxf5 Be4
30.Qg5 Bd3 31.Rb2 h6 32.Qg3 Kh7 33.Rc1 Qg6 34.Qh4 Qe4 35.Re1 Qc6 36.Qg3 Qg6
37.Qf2 h5 38.Qh4 Kg8 39.a4 Qf5 40.a5 c3 41.Bxc3 Rxe1 42.Bxe1 Bb5 43.Bc3 Kh7
44.Rf2 Re2 45.Rxe2 Bxe2 46.Be5 Bd3 47.g4 Qe4 48.Qxh5+ Kg8 49.Qe8+ Kh7 50.Qh5+ Kg8
51.g5 Be2 52.Kg3 g6  1/2-1/2